All Twenty Øne Pilots Songs - Statistics

General Stats
  • This quiz has been taken 33 times
    3 since last reset
  • The average score is 65 of 102
Answer Stats
Hint Answer % Correct
Twenty One Pilots Friend, Please
100%
Twenty One Pilots Implicit Demand for Proof
100%
Twenty One Pilots Isle Of Flightless Birds
100%
Twenty One Pilots Addict With a Pen
67%
Twenty One Pilots Air Catcher
67%
Regional At Best Anathema
67%
Clancy At The Risk Of Feeling Dumb
67%
Clancy Backslide
67%
Trench Bandito
67%
Regional At Best Be Concerned
67%
Twenty One Pilots Before You Start Your Day
67%
Scaled and Icy Bounce Man
67%
Vessel Car Radio
67%
Trench Chlorine
67%
Scaled and Icy Choker
67%
Regional At Best Clear
67%
Trench Cut My Lip
67%
Blurryface Doubt
67%
Breach Drum Show
67%
Blurryface Fairly Local
67%
Vessel Fake You Out
67%
Twenty One Pilots Fall Away
67%
Regional At Best Forest
67%
Scaled and Icy Formidable
67%
Regional At Best Glowing Eyes
67%
Blurryface Goner
67%
Scaled and Icy Good Day
67%
Vessel Guns For Hands
67%
Covers/Singles Heathens
67%
Blurryface Heavydirtysoul
67%
Vessel Holding On To You
67%
Blurryface Hometown
67%
Vessel House of Gold
67%
Twenty One Pilots Johnny Boy
67%
Trench Jumpsuit
67%
Regional At Best Kitchen Sink
67%
Blurryface Lane Boy
67%
Clancy Lavish
67%
Trench Leave the City
67%
Trench Legend
67%
Covers/Singles Level Of Concern
67%
Trench Levitate
67%
Regional At Best Lovely
67%
Twenty One Pilots March to the Sea
67%
Blurryface Message Man
67%
Clancy Midwest Indigo
67%
Vessel Migraine
67%
Trench Morph
67%
Scaled and Icy Mulberry Street
67%
Trench My Blood
67%
Clancy Navigating
67%
Trench Neon Gravestones
67%
Scaled and Icy Never Take It
67%
Clancy Next Semester
67%
Trench Nico and The Niners
67%
Scaled and Icy No Chances
67%
Blurryface Not Today
67%
Vessel Ode To Sleep
67%
Clancy Oldies Station
67%
Clancy Overcompensate
67%
Clancy Paladin Strait
67%
Trench Pet Cheetah
67%
Blurryface Polarize
67%
Scaled and Icy Redecorate
67%
Blurryface Ride
67%
Clancy Routines in the Night
67%
Regional At Best Ruby
67%
Scaled and Icy Saturday
67%
Vessel Screen
67%
Vessel Semi Automatic
67%
Scaled and Icy Shy Away
67%
Regional At Best Slowtown
67%
Trench Smithereens
67%
Clancy Snap Back
67%
Blurryface Stressed Out
67%
Blurryface Tear In My Heart
67%
Breach The Contract
67%
Clancy The Craving
67%
Clancy The Craving (Jenna’s Version)
67%
Trench The Hype
67%
Blurryface The Judge
67%
Covers/Singles The Line
67%
Scaled and Icy The Outside
67%
Twenty One Pilots The Pantaloon
67%
Vessel The Run and Go
67%
Twenty One Pilots Trapdoor
67%
Regional At Best | Vessel Trees
67%
Vessel Truce
67%
Regional At Best Two
67%
Clancy Vignette
67%
Blurryface We Don’t Believe What’s On Tv
67%
Twenty One Pilots A Car, a Torch, a Death
33%
Covers/Singles Cancer
33%
Covers/Singles Can’t Help Falling In Love
33%
Covers/Singles Christmas Saves The Year
33%
Covers/Singles Jar Of Hearts
33%
Twenty One Pilots Oh, Ms. Believer
33%
Twenty One Pilots Taxi Cab
33%
Covers/Singles Coconut Sharks In The Water
0%
Covers/Singles Mad World
0%
Covers/Singles Twenty Four
0%
No matching quizzes found
Score Distribution
Percent of People with Each Score
Percentile by Number Answered
Your Score History
You have not taken this quiz since the last reset